| 000 | 00363nam a22001337a 4500 | ||
|---|---|---|---|
| 082 |
_a923.5 _bABD _cD |
||
| 100 |
_aIbn e Abdul Aziz Butt _946205 |
||
| 245 |
_aDarkhashan Sitara _bDarkhashan Sitara Lieutenant Colonel Syed Habib Shah |
||
| 250 | _a2008 | ||
| 300 | _a60 P, : | ||
| 526 |
_a0 _b0 _c0 _d923_500000000000000_ABD |
||
| 650 |
_aMCE _9379 |
||
| 942 |
_2ddc _cBK |
||
| 999 |
_c549554 _d549554 |
||